| 000 | 00520cam a22001697a 4500 | ||
|---|---|---|---|
| 008 | 180718b1975 xxu||||| |||| 00| 0 eng d | ||
| 082 | _aBA27x545 T427/1 | ||
| 100 | _aThurston, Edgar | ||
| 245 |
_aCastes and tribes of southern India _cby Edgar Thurston |
||
| 260 |
_aDelhi _bCosmo _c1975 |
||
| 300 | _a7v | ||
| 500 | _aContents: Volume I. A and B, 397p | ||
| 650 | _aIndia, South --Social life and customs. | ||
| 650 | _aEthnology --India, South | ||
| 650 | _aTribes --India, South | ||
| 650 | _aCaste --India, South | ||
| 999 |
_c422950 _d422950 |
||